Choses sur le Menu Haut du JetPunk - Statistiques

Statistiques générales
  • Ce quiz a été pris 22 fois
  • Le résultat moyen est 3 sur 9
Statistiques - réponses
Réponse % Correct
Créer quiz
85%
Aléatoire
75%
JetPunk
75%
Plus
40%
Anglais
10%
Cherchez
10%
Level
10%
Proposés
10%
Username
10%
Aucun quiz correspondant
Distribution des résultats
% des personnes avec chaque résultat
Percentile par nombre de réponses
Votre historique - résultats
Vous n’avez pas pris ce quiz